01154nam a22003017a 4500003000400000005001700004008004100021040002200062082001800084100002500102245003000127260006000157300002100217366000800238490002700246505006300273505003700336505009000373505001200463650005500475650004700530650004800577650004300625650004500668650005600713650004700769700003600816OSt20230622122534.0221006b |||||||| |||| 00| 0 eng d cBiblioteca Lado V a709.05bG851a aGriffin, Timeeditor aArtforum/bInternacional/ aNew Yorkc2015bNew York editorial and business offices c26.5x27cma245p. eeng aENEROv2015x0864-1315 tCOLUMNSaBOOKS MUSIC FILM ON SITE PERFORMANCE TOP TEN tPREVIEWaSPRING 2015 EXHIBITIONS tFEATURESaUNCOMMON KNOWLEDGE PORTFOLIO SPIRIT MOVES CLOSE-UP 1000 WORDS OPENINGS tREVIEWS 2Tesauro de Arte & ArquitecturaaARTE COMTEMPORANEO 2Tesauro de Arte & ArquitecturaaFOTOGRAFIA 2Tesauro de Arte & ArquitecturaaARTE VISUAL 2Tesauro de Arte & ArquitecturaaLIBROS 2Tesauro de Arte & ArquitecturaaNOTICIAS 2 Tesauro de Arte & ArquitecturaaARTE INTERNACIONAL 2 Tesauro de Arte & ArquitecturaaESCULTURA aNavarreta, Jose Antonioeeditor